000 00649nam a2200193Ii 4500
003 JO-AjNU
008 230606s9999||||xx |||||||||||||| ||und||
040 _aJO-AjNU
_beng
_erda
_cJO-AjNU
041 _aeng
050 1 4 _aPE1106
100 3 _aA.Rahman Aliewa,Ahmadتأليف,
_eauthor
_93613
245 0 0 _aGood Luck Mr.Minaret :In The Basics Of English Language
264 3 1 _aد.م:مكتبة جزيرة الورد,د.ت
300 _a148p
336 _atext
_btxt
_2rdacontent
337 _aunmediated
_bn
_2rdamedia
338 _avolume
_bnc
_2rdacarrier
650 4 _aGood Luck Mr.Minaret-In The Basics Of English Language-English Language
_93614
999 _aE1885
_c1885
_d1885